Country Quiz: Togo 🇹🇬 - Statistics

General Stats
  • This quiz has been taken 17 times
  • The average score is 16 of 24
Answer Stats
Hint Answer % Correct
Currency Franc
92%
France
92%
Language French
92%
Between 1914-1960s, this country ruled western part and this country ruled the eastern part United Kingdom
92%
Time zones 1 (UTC 0)
85%
Bordering Oceans Atlantic ocean
85%
Bordering countries Benin
85%
Between 1884-1914, this country ruled Togo Germany
85%
Ghana
85%
Bordering Gulf Gulf of Guinea
85%
Capital Lomé
85%
Independence 1960
77%
Burkina Faso
77%
Main Religion Christianity
69%
Nationality Togolese
69%
Climate Tropical
69%
This infamous religion, mainly practised in Haiti these days, is also practised in Togo Voodoo
62%
State-Condition Republic (presidential / unitary)
46%
Current leader (2005-) Faure Gnassingbé
38%
Most Famous Leader (1967-2005) Gnassingbe Eyadema
31%
Second-Largest City Sokodé
31%
Founding Father Sylvanus Olympio
31%
In 2015, in the capital of Togo, the police seized four tons of _____, making it the biggest seizure of that good in African history Ivory
23%
During the 1700s, this country occupied Togo Denmark
15%
No matching quizzes found
Score Distribution
Percent of People with Each Score
Percentile by Number Answered
Your Score History
You have not taken this quiz